Los países más seguros de Europa - Estadísticas

Estadísticas generales
  • Esta prueba ha sido intentada 408 veces
  • La puntuación promedio es 7 de 10
Estadísticas de respuestas
# País seguro % Correcto
8 Finlandia
91%
10 Suecia
91%
6 Suiza
90%
1 Islandia
80%
2 Dinamarca
79%
3 Austria
67%
9 Irlanda
64%
4 Portugal
53%
7 Eslovenia
39%
5 República Checa
38%
No se encontraron pruebas coincidentes
Distribución de puntuación
Porcentaje de gente con cada puntuación
Porcentaje por número respondido
Historial de tus puntuaciones
No has intentado esta prueba.